000 01060nam a2200241Ii 4500
003 JO-AjNU
005 20240626135245.0
008 230605s9999||||xx |||||||||||||| ||und||
040 _aJO-AjNU
_bara
_erda
_cJO-AjNU
041 _aara
050 1 4 _aJX4270.2020
100 1 _aالدليمي، خميس زبن مسلط
_eمعد
_965709
245 0 _aالدفوع المتعلقة بالاختصاص القضائي الدولي = Defenses Related to International Jurisdiction /
_cاعداد خميس زبن مسلط الدليمي؛ اشراف طلال ياسين العيسى
264 3 1 _a 2020
300 _a121 ورقة
336 _atext
_btxt
_2rdacontent
337 _aunmediated
_bn
_2rdamedia
338 _avolume
_bnc
_2rdacarrier
500 _aرسالة جامعية(رسالة ماجستير في القانون) جامعة عجلون الوطنية، كلية القانون،(عجلون، الاردن)، 2020
650 7 0 _aالقضاء الدولي
_965710
700 1 _aالعيسى، طلال ياسين
_964930
_eمشرف
942 _2lcc
_cTHS
999 _c30526
_d30526